ბათუმის შოთა რუსთაველის სახელმწიფო უნივერსიტეტის ბიბლიოთეკა

ბიოორგანული ქიმია (ბიბ.ჩანაწერი № 38972)

000 -ლიდერი
ფიქსირებული სიგრძის საკონტროლო ველი 01357nam a2200241Ia 4500
001 - საკონტროლო ნომერი
საკონტროლო ველი 5430
003 - საკონტროლო ნომრის იდენტიფიკატორი
საკონტროლო ველი GE_BSU
005 - ბოლო ოპერაციის თარიღი და დრო
საკონტროლო ველი 20191023114105.0
008 - ფიქსირებული სიგრძის მონაცემთა ელემენტები - ზოგადი ინფორმაცია
ფიქსირებული სიგრძის საკონტროლო ველი 181216s2010||||ge |||||||||||||| ||geo||
040 ## - კატალოგიზაციის წყარო
Transcribing agency GE_BSU
041 ## - ენის კოდი
Language code of text/sound track or separate title geo
080 ## - უნივერსალური ათობითი კლასიფიკაციის ინდექსი
Universal Decimal Classification number 577.1(075.8) ტ-13
100 ## - მთავარი ჩანაწერი - პიროვნების სახელი
Personal name ტაბატაძე, ლალი
9 (RLIN) 4943
245 ## - ცნობა სათაურის შესახებ
Title ბიოორგანული ქიმია
Remainder of title სახელმძღვ. შედგენილია აფხაზეთის განათლ. და კულტურის სამინ. "აფხაზეთის მეცნიერთა მხარდაჭერის პროგრამის" ფარგლებში /
Statement of responsibility, etc ლალი ტაბატაძე, აკაკი გახოკიძე ; რედ. რ. გახოკიძე.
264 ## - წარმოების, გამოცემის, დისტრიბუციის და სხვა ცნობები
გამოცემის, წარმოების, დისტრიბუციის... ადგილი თბილისი :
გამოცემის, წარმოების, დისტრიბუციის... სახელწოდება თბილისის სახ. უნ-ტის გამ-ბა,
გამოცემის, წარმოების, დისტრიბუციის... თარიღი 2010.
300 ## - ფიზიკური აღწერა
Extent 341 გვ. ;
Other physical details 24 სმ.
504 ## - BIBLIOGRAPHY, ETC. NOTE
Bibliography, etc ბიბლიოგრ.: გვ. 337.
653 ## - INDEX TERM--UNCONTROLLED
Uncontrolled term ბიოორგანული ქიმია;
653 ## - INDEX TERM--UNCONTROLLED
Uncontrolled term სახელმძღვანელოები;
700 ## - ADDED ENTRY--PERSONAL NAME
Personal name გახოკიძე, აკაკი
Relator term ავტორი
9 (RLIN) 4944
700 ## - ADDED ENTRY--PERSONAL NAME
Personal name გახოკიძე, რ.
Relator term რედაქტორი
9 (RLIN) 1095
942 ## - ADDED ENTRY ELEMENTS (KOHA)
Koha item type წიგნი
Source of classification or shelving scheme
ეგზემპლარები
ჩამოწერის სტატუსი დაკარგული ეგზემპლარის სტატუსი კლასიფიკაციის წყარო ან თაროზე გაწყობის სქემა დაზიანების სტატუსი არ გაიცემა მუდმივი მდებარეობა (დაცვის ადგილი) ამჟამინდელი ადგილსამყოფელი შეძენის თარიღი სრული შენახვის შიფრი შტრიხკოდი ბოლო ოპერაციის თარიღი ეგზემპლარის მიმდევრობითი ნომერი (კეტერი?) ფასის ძალაში შესვლის თარიღი ეგზემპლარის სახეობა
          ბათუმის შოთა რუსთაველის სახელმწიფო უნივერსიტეტის მთავარი ბიბლიოთეკა ბათუმის შოთა რუსთაველის სახელმწიფო უნივერსიტეტის მთავარი ბიბლიოთეკა 2018-12-17 577.1(075.8) ტ-13 6441 2018-12-17 6441 2018-12-17 წიგნი